Countries that Start with S - Map Quiz - Statistics

General Stats
  • This quiz has been taken 102 times
  • The average score is 25 of 26
Answers on the Map
Answers color-coded by a green-red scale on the quiz's map according to % correct below.
 
Answer Stats
Country % Correct
South Africa
100%
Saudi Arabia
99%
Serbia
99%
South Korea
99%
Spain
99%
Sudan
99%
Switzerland
99%
Slovakia
98%
Slovenia
98%
South Sudan
98%
Sweden
98%
San Marino
96%
Somalia
96%
Sri Lanka
96%
Suriname
96%
Syria
95%
Senegal
94%
Seychelles
91%
Solomon Islands
91%
Saint Kitts and Nevis
89%
Sao Tome and Principe
89%
Saint Vincent and the Grenadines
88%
Samoa
88%
Saint Lucia
87%
Sierra Leone
87%
Singapore
85%
No matching quizzes found
Score Distribution
Percent of People with Each Score
Percentile by Number Answered
Your Score History
You have not taken this quiz